00751nam a2200241 a 4500001001300000003000900013005001700022008004100039020001000080082001600090100001800106245002600124260004800150300000900198500003500207650002700242700001800269902000800287942000700295952009600302952009600398999001500494nice12345678IN_TiNIC20260116011835.0050524s1932 laha grp 000 0 urd  ac10000a232.96bBAR aBarkatullah,  aKalmatullah Ki Taleem aLahorebPunjab Religious Booksociety c1932 a231p aincludes index and biblioraphy aJesus Christ-Teachings1 aBarkatullah,  bSRS cBK 00104070aHMIbHMId2016-03-22g100.00l0o232.96 BARp4719r0000-00-00w2026-01-16yARB 00104070aHMIbHMId2016-03-22g100.00l0o232.96 BARp5094r0000-00-00w2026-01-16yARB c4358d4358